Organización y dirección de juntas anuales de cooperativas
Este recurso aborda de manera detallada y práctica la planificación, organización y dirección de juntas anuales en el contexto de cooperativas. El enfoque se centra en ofrecer orientación sobre cómo llevar a cabo reuniones efectivas y productivas que involucren a los miembros de la cooperativa en la...
সংরক্ষণ করুন:
| সংস্থা লেখক: | |
|---|---|
| বিন্যাস: | পাঠ্য |
| ভাষা: | Spanish |
| প্রকাশিত: |
México:
Centro Regional de Ayuda Técnica
|
| বিষয়গুলি: | |
| ট্যাগগুলো: |
ট্যাগ যুক্ত করুন
কোনো ট্যাগ নেই, প্রথমজন হিসাবে ট্যাগ করুন!
|
MARC
| LEADER | 00000 a a2200000 04500 | ||
|---|---|---|---|
| 001 | 17196 | ||
| 003 | cru IIS | ||
| 005 | 20230902201258.0 | ||
| 008 | 230830b |||||||| |||| 00| 0 spa d | ||
| 040 | |c A | ||
| 090 | |a 005200 | ||
| 110 | |a Estados Unidos. Departamento de Agricultura. Servicio de Cooperativas Agrícolas | ||
| 245 | |a Organización y dirección de juntas anuales de cooperativas | ||
| 260 | |a México: |b Centro Regional de Ayuda Técnica | ||
| 300 | |a 61 p. | ||
| 520 | |a Este recurso aborda de manera detallada y práctica la planificación, organización y dirección de juntas anuales en el contexto de cooperativas. El enfoque se centra en ofrecer orientación sobre cómo llevar a cabo reuniones efectivas y productivas que involucren a los miembros de la cooperativa en la toma de decisiones y la evaluación del desempeño. A través de sus páginas, se presentan estrategias para la preparación de la junta anual, la elaboración de la agenda, la presentación de informes financieros y de actividades, así como la gestión de discusiones y debates. Además, se exploran aspectos clave como la participación de los miembros, la comunicación efectiva y la importancia de mantener un ambiente de respeto y colaboración. Este recurso se convierte en una herramienta valiosa para quienes están involucrados en la gestión y dirección de cooperativas, brindando consejos prácticos y pautas para lograr juntas anuales exitosas. RAR 01/2023 | ||
| 650 | 0 | |2 OCDE |9 193 |a COOPERATIVAS | |
| 650 | 0 | |2 OCDE |9 1538 |a TOMA DE DECISIONES | |
| 650 | 0 | |2 UNESCO |9 2679 |a PARTICIPACION DEMOCRATICA | |
| 942 | |2 ddc |c REF | ||
| 999 | |c 5756 |d 5756 | ||
